El Instituto Geográfico Nacional Breve reseña histórica
Kaydedildi:
| Yazar: | |
|---|---|
| Materyal Türü: | Bilinmiyor |
| Baskı/Yayın Bilgisi: |
San José, Costa Rica
Instituto Geográfico de Costa Rica
1975
|
| Konular: | |
| Etiketler: |
Etiketle
Etiket eklenmemiş, İlk siz ekleyin!
|
MARC
| LEADER | 000000000a22000000004500 | ||
|---|---|---|---|
| 001 | 002052 | ||
| 041 | 0 | |a español | |
| 092 | 0 | |a 917.286 B268i | |
| 100 | 1 | |a Barrantes Ferrero, Mario | |
| 245 | 1 | 0 | |a El Instituto Geográfico Nacional |b Breve reseña histórica |
| 260 | |a San José, Costa Rica |b Instituto Geográfico de Costa Rica |c 1975 | ||
| 300 | |a 91 páginas |b ilustraciones, mapas, retratos | ||
| 500 | |a número de inscripción 01273 | ||
| 610 | 2 | 4 | |a INSTITUTO GEOGRAFICO NACIONAL (COSTA RICA) |
| 650 | 4 | |a HISTORIA | |
| 999 | |c 2929 |d 2929 | ||
